Govt. of
Madhya Pradesh

Library Movement (Record no. 16298)

MARC details
000 -LEADER
fixed length control field 003610000a22001570004500
001 - CONTROL NUMBER
control field 004408
003 - CONTROL NUMBER IDENTIFIER
control field MACL
040 ## - CATALOGING SOURCE
Original cataloging agency MACL
090 ## - LOCALLY ASSIGNED LC-TYPE CALL NUMBER (OCLC); LOCAL CALL NUMBER (RLIN)
-- 16401
-- 16400
100 ## - MAIN ENTRY--PERSONAL NAME
Personal name Agarwal, U.K.
245 ## - TITLE STATEMENT
Title Library Movement
Remainder of title State Perspectives
Statement of responsibility, etc. U.K. Agarwal
260 ## - PUBLICATION, DISTRIBUTION, ETC. (IMPRINT)
Place of publication, distribution, etc. Raj Book Interprises,
Date of publication, distribution, etc. 2003
350 ## - PRICE (NR) (BK AM CF MU VM SE) [OBSOLETE]
Price 200
650 ## - SUBJECT ADDED ENTRY--TOPICAL TERM
Topical term or geographic name as entry element General Libraries
942 ## - ADDED ENTRY ELEMENTS (KOHA)
Call number prefix 27
Koha item type Library Membar
Holdings
Withdrawn status Lost status Source of classification or shelving scheme Damaged status Not for loan Home library Current library Date acquired Cost, normal purchase price Total Checkouts Full call number Barcode Date last seen Uniform Resource Identifier Price effective from Koha item type
          MACL MACL 15/04/2015 200.00   027.4 AGA CRE016358 02/05/2024 16203 15/04/2015 Books